000 00837nam a22002537a 4500
001 3501
003 FISKH
005 20250508150551.0
008 240313b cb ||||| |||| 00| 0 eng d
040 _aFISK
_beng
_cFISK
_dFISK
050 _aPZ7.H1828
082 _a823.9
100 _aHamilton Virginia
_d1934-2002
245 _aM. C. higgins, the great /
_cVirginia Hamilton
260 _aNew York :
_bScholastic,
_c1996
300 _a278 pages :
_c20 cm
505 _aN
520 _aAs a slag heap, the result of strip mining, creeps closer to his house in the Ohio hills, fifteen-year-old M.C. is torn between trying to get his family away and fighting for the home they love.
521 _a560
_bLexile
521 _aN
_bRaz-Plus
700 _aVirginia Hamilton
942 _2ddc
_cBK
_n0
999 _c3501
_d3501